Daňová reforma a priemyselná politika
Reforma daňovej sústavy a jej vplyv na priemyselnú politiku a situáciu podnikateľských subjektov na Slovensku.
Guardado en:
| Autor principal: | |
|---|---|
| Formato: | Capítulo de libro |
| Lenguaje: | eslovaco |
| Materias: | |
| Etiquetas: |
Sin Etiquetas, Sea el primero en etiquetar este registro!
|
MARC
| LEADER | 00000naa$a2200000$$$4500 | ||
|---|---|---|---|
| 001 | 0002708 | ||
| 005 | 20231002120100.0 | ||
| 041 | 0 | |a slo | |
| 044 | |a SK | ||
| 245 | 1 | 0 | |a Daňová reforma a priemyselná politika |c Peter Staněk |
| 520 | |a Reforma daňovej sústavy a jej vplyv na priemyselnú politiku a situáciu podnikateľských subjektov na Slovensku. | ||
| 610 | 2 | 0 | |a dane z príjmov |
| 610 | 2 | 0 | |a reformy daňové |
| 610 | 2 | 0 | |a politika priemyselná |
| 610 | 2 | 0 | |a prostredie podnikateľské |
| 610 | 2 | 0 | |a dane priame |
| 610 | 2 | 0 | |a dane spotrebné |
| 610 | 2 | 0 | |a dane miestne |
| 610 | 2 | 0 | |a Slovensko |
| 100 | 1 | |a Staněk, Peter | |